God's words: (Record no. 3396)

000 -LEADER
fixed length control field 00749nam a2200217 a 4500
001 - CONTROL NUMBER
control field :::00001126$&:&@@
003 - CONTROL NUMBER IDENTIFIER
control field OkBaRHE
005 - DATE AND TIME OF LATEST TRANSACTION
control field 20000607103241.0
008 - FIXED-LENGTH DATA ELEMENTS--GENERAL INFORMATION
fixed length control field s1988 j 000 0 eng u
040 ## - CATALOGING SOURCE
Transcribing agency
100 1# - MAIN ENTRY--PERSONAL NAME
Personal name Packer, J. I. (James Innell).
245 10 - TITLE STATEMENT
Title God's words:
Remainder of title studies of key Bible themes.
260 ## - PUBLICATION, DISTRIBUTION, ETC. (IMPRINT)
Place of publication, distribution, etc Grand Rapids, MI., :
Name of publisher, distributor, etc Baker Book House
Date of publication, distribution, etc 1988
300 ## - PHYSICAL DESCRIPTION
Extent 223 p. ;
Dimensions 21 cm.
650 ## - SUBJECT ADDED ENTRY--TOPICAL TERM
Topical term or geographic name as entry element Bible
General subdivision Theology
650 ## - SUBJECT ADDED ENTRY--TOPICAL TERM
Topical term or geographic name as entry element Greek Language, Biblical
General subdivision Words
650 ## - SUBJECT ADDED ENTRY--TOPICAL TERM
Topical term or geographic name as entry element Hebrew Language
General subdivision Words
942 ## - ADDED ENTRY ELEMENTS (KOHA)
Source of classification or shelving scheme
Koha item type Books
Copies
Date acquired Koha item type Date last seen Source of classification or shelving scheme Not for loan Price effective from Withdrawn status Full call number Copy number Shelving location Damaged status Barcode Permanent Location Lost status
2010-04-14Books2018-02-16  2010-04-14 BS 543 .P281General Stacks 1126RHEMA Bible Training College 
2010-04-14Books2018-02-16  2010-04-14 BS 543 .P282General Stacks 15869RHEMA Bible Training College